000 00890nam a22002177a 4500
005 20171208121232.0
010 _a1516EN07 ENG-121799
020 _c150.00
_a9788129135711
035 _aB-603903-924
035 _aB-667403 EN-105331
037 _bAakar/ven
_adpl
082 _a650.14
100 _aMuralidharan, T.
245 _aAn expert's guide to your right first job /
_cby T.Muralidharan
260 _bRupa Pub.
_c2015
_aNew Delhi
270 _bNew Delhi
_a7/16, Ansari Road, Daryaganj
_e110002
300 _axi,153p.
_c18cm(pbk)
942 _2ddc
_cEN
_h650.14
_mMUR
999 _c96320
_d96320